重庆市知识测验 历史遗址部分 Chongqing city quiz #1 - Statistics

General Stats
  • This quiz has been taken 35 times
  • The average score is 12 of 17
Answer Stats
问题 答案 % Correct
解放前,歌乐山上的两个著名政治监狱 渣滓洞
87%
南宋时蒙古大汗折戟的重庆地区城池 {钓鱼}城
81%
近代在重庆设立租界的唯一国家 日本
81%
解放前,歌乐山上的两个著名政治监狱 白公馆
81%
1996年重庆设立直辖市前夕开始代管的原四川省其它地级行政区 {万县}市
81%
重庆境内的世界文化遗产 大足石刻
81%
秦朝起在今渝中区处所设的郡城 巴郡
77%
取材于上述监狱在解放前夕发生的地下革命斗争与屠杀的长篇小说 《{红岩}》
77%
1996年重庆设立直辖市前夕开始代管的原四川省其它地级行政区 {涪陵}市
77%
唐代起设立的治所在奉节的州(府/路) 夔州
74%
1940年重庆确立的行政身份 陪都
74%
1996年重庆设立直辖市前夕开始代管的原四川省其它地级行政区 {黔江}地区
68%
沙坪坝区的热门古镇 磁器口
65%
1941年六·五隧道惨案发生的背景为这一项持续多年的军事行动 重庆大轰炸
61%
长江上游水文古迹,保存有历代书法石刻,现建为水下博物馆 白鹤梁
52%
元末红巾军明玉珍在重庆称帝建立的政权 明夏(大夏)
32%
该城亦有另一正式称呼 江州
29%
No matching quizzes found
Score Distribution
Percent of People with Each Score
Percentile by Number Answered
Your Score History
You have not taken this quiz